000 00348nam a2200157Ia 4500
003 0STCL
008 150530s9999 xx 000 0 und d
040 _aSTCL
_cSTCL
100 _aAnthony Dent; Ed
245 _aInternational modern plays
260 _c1973
546 _aEnglish
942 _2ddc
_cBK
999 _c56332
_d56332
005 20220125171007.0